LIBRARY & INFORMATION CENTRE, KCAET, TAVANUR

ONLINE PUBLIC ACCESS CATALOGUE (OPAC)

Grain quality and processing / (Record no. 13362)

MARC details
000 -LEADER
fixed length control field 00492cam a2200193ua 4500
041 ## - LANGUAGE CODE
Language code of text/sound track or separate title eng
082 ## - DEWEY DECIMAL CLASSIFICATION NUMBER
Classification number 664.762
Item number KHA/GR
100 ## - MAIN ENTRY--AUTHOR NAME
Personal name Khader, Vijaya .
245 ## - TITLE STATEMENT
Title Grain quality and processing /
260 ## - PUBLICATION, DISTRIBUTION, ETC. (IMPRINT)
Place of publication Udaypur :
Name of publisher Agro-tech publishing academy ,
Year of publication 2007.
300 ## - PHYSICAL DESCRIPTION
Number of Pages 311 ; .
700 1# - ADDED ENTRY--PERSONAL NAME
Personal name Vimala, V .
942 ## - ADDED ENTRY ELEMENTS (KOHA)
Koha item type Books
Holdings
Withdrawn status Lost status Damaged status Home library Current library Date acquired Full call number Accession Number Koha item type
      KAUAET KAUAET 07/04/2012 664.762 21607 Books
      KAUAET KAUAET 07/04/2012 664.762 22211 Books
free website counter